000 00258nam a2200097 a 4500
005 20200930080400.0
008 120418s1996 000 spa d
245 3 _aEl cultivo de Chile tabasco para procesamiento.
260 _aLa Lima,
_c1996.
999 _c36953
_d36953
040 _aDO-SdBNP